Normal view
MARC view
- David K. Witheford
Entry Personal Name
001 - CONTROL NUMBER
- control field: 22354
003 - CONTROL NUMBER IDENTIFIER
- control field: NUST
005 - DATE AND TIME OF LATEST TRANSACTION
- control field: 20191002114509.0
008 - FIXED-LENGTH DATA ELEMENTS
- fixed length control field: 191002|| aca||aabn | a|a d
040 ## - CATALOGING SOURCE
- Original cataloging agency: NUST
- Transcribing agency: NUST
100 ## - HEADING--PERSONAL NAME
- Personal name: David K. Witheford
670 ## - SOURCE DATA FOUND
- Source citation: Work cat.: (NUST): David K. Witheford, Consultants for DOT Preconstruction Engineering Work
